Quizzes
Events
Quiz Creation
Community
Videos
Private Events
Remove Ads
Sign In
Join for FREE
Feedback
Dark Mode
Quiz Categories
Sports
Geography
Music
Movies
Television
Just For Fun
Miscellaneous
History
Literature
Language
Science
Gaming
Entertainment
Religion
Holiday
For Kids
Quiz Lab
Recent
Popular Today
Quiz Kudos Today
Editor Picks
Curator Picks
Quizzes by...
Day
Popularity
Type
Ratings
Length
Year
Community
Subscriptions
Recent Discussions
Orange Saloon
Badges
Playlists
Quests
Create
Leaderboards
Showdown
Live 5
Trivia Bingo
Activity
Puzzle Library
Sporcle Events
Private Events
Virtual Trivia
Globe League
Become a Host
Pub Owners
SporcleCon
Opinionation
Our Games
Videos
Blog
Mobile Apps
Partnerships
Remove Ads and Go Orange
Feedback
Science
Computer
Plants
Astronomy
Chemistry
Elements
Math
Animal
Physics
Anatomy
Biology
Geology
General Science
Science
Computer
Plants
Astronomy
Chemistry
Elements
Math
Animal
Physics
Anatomy
Biology
Geology
General Science
Random Quiz
Search Sporcle
×
Quiz Lab
Quiz Lab
Science
blood
Type in answers that appear in a list
Type in answers that appear in a list
Classic
Best Score? Go Orange.
Equine Abdominal Parent Arteries Stats
Can you name the direct parent artery for the given arteries in horses?
By
sbme
10m
24 Questions
193 Plays
193 Plays
193 Plays
Comments
Comments
Give Quiz Kudos
Give Quiz Kudos
-
- Ratings
hide this ad
More Info
Forced Order
Answers have to be entered in order
Answers have to be entered in order
Random Order
Randomize order of answers
Randomize order of answers
Replay
Link that replays current quiz
Next Quiz
Link to next quiz in quiz playlist
You Got
0%
They Got
Avg Score
93%
Avg Friend Score
Upgrade to see
Score Distribution
Jump to the score distribution portion of the page
Score
0/24
Timer
10:00
0
Plays Today
Artery
Parent Artery
% Correct
Celiac
Aorta
96.9%
Cranial Mesenteric
Aorta
96.9%
Caudal Mesenteric
Aorta
96.9%
Hepatic
Celiac
96.4%
Splenic
Celiac
95.9%
Jejunal
Cranial Mesenteric
95.9%
Cranial Rectal
Caudal Mesenteric
95.9%
Left Gastric
Celiac
94.8%
Cranial Pancreaticoduodenal
Gastroduodenal
94.8%
Ileocolic
Cranial Mesenteric
94.8%
Right Colic
Cranial Mesenteric
94.3%
Gastroduodenal
Hepatic
93.8%
Artery
Parent Artery
% Correct
Right Gastroepiploic
Gastroduodenal
93.8%
Colic Branches
Ileocolic
93.8%
Middle Colic
Cranial Mesenteric
93.8%
Left Colic
Caudal Mesenteric
93.8%
Caudal Pancreaticoduodenal
Cranial Mesenteric
93.3%
Mesenteric Ileal
Ileocolic
93.3%
Right Gastric
Hepatic
92.7%
Cecal
Ileocolic
92.7%
Left Gastroepiploic
Splenic
90.7%
Ileal Branch
Cranial Mesenteric
89.6%
Lateral Cecal
Cecal
86.5%
Middle Cecal
Cecal
85.5%
Quiz Playlist
Details
Report
Send in Message
Add To Playlist
More Info:
Name the direct parent artery (what each artery branches directly from) for each of the listed arteries in horses.
Classic:
Type in answers that appear in a list
Forced Order:
Answers have to be entered in order
Random Order:
Randomize order of answers
Quiz Source
Last Updated: Feb 16, 2017
Quiz Scoreboard
CHALLENGE
Sign Up to Join the Scoreboard
Show All
Scores
Hide
Comments
May contain spoilers
Recently Published
College Basketball Coaching Resumes
by pancakes188
Sports
9m
Billboard Blitz: Fleetwood Mac
by CooCooCachoo
Music
15s
Presidents Visiting Landmarks
by Hejman
History
7m
More to Explore
Quiz From the Vault
Featured Blog Post
Where Did the Easter Bunny Come From?
hide this ad
You Might Also Like...
Tags
Abdominal
Artery
blood
Blood Flow
Equine
horse
parent
Veterinary
Veterinary Medicine
Today's Top Quizzes in Science
Browse Science
hide this ad
Today's Top Quizzes in blood
Browse blood
Top Contributed Quizzes in Science
1
Quick Pick: Radians
2
Quick Pick: 'CI-CJ' Animals
3
The First 100 Digits of Pi
4
Elements In Images
5
One Thing in Common: Science
6
Name the Acid, Base or Salt
7
Science Jokes
8
One Thing in Common: Science III
9
One Thing in Common: Science II
10
One Thing in Common: Animals
Explore More
Trending Topics
Kpop
Harry Potter
Marvel
Anime
NBA
Disney
Crossword
The Office
Country
Song
WWE
Soccer
Puzzle
Pokémon
NFL
hide this ad
More By:
sbme
Quiz
Plays
Rating
Category
Featured
Created
Heart Stopping Challenge
682,040
3.24
Science
Mar 29, 2012
The Digestion Progression Challenge
252,944
3.63
Science
May 25, 2012
Top 10 Hits of 2010
154,692
3.80
Music
Dec 16, 2010
Big Mac Meltdown
143,084
3.66
Miscellaneous
Mar 29, 2012
Top 10 Hits of 2009
124,076
3.70
Music
Oct 2, 2009
Go to Creator's Profile
Score Distribution
Quiz Creator Spotlight
sbme
Follow
Send a Message
Quizzes Created
-
Created Quiz Play Count
-
More By This Creator
Popular Quizzes Today
1
Find the US States - No Outlines Minefield
2
Find the Countries of Europe - No Outlines Minefield
3
The Countries of the World
4
Find the US States
5
Risky Map Clicking: Biggest States A-Z
6
US States
7
Popular People in 1961
8
Movies - When Are They Set?
More Science Quizzes
Medical Diagnoses: Colloquial Terms
Curator's Pick
Trending Quizzes
Risky Map Clicking: Least Populous States A-Z
1-10 Letter G Words
1-10 Letter F Words
Risky Map Clicking: Next State Alphabetically
Risky Map Clicking: Biggest States A-Z
Recently Updated
Leaping Animals
pecheneg
Reality TV Shows (A-Z)
bhenderson79
Rickey Henderson's Hall of Fame Teammates
pecheneg
Champions League XIs: Arsenal
pecheneg
Quick Pick: Celebrities in WWE's Hall of Fame
aduchscher
A-Z Keypad Blitz II
pecheneg
Multiple Oscar Actors
pecheneg
Mystery Phrase Blitz: Oscar 'Best Actors'
pecheneg
F. Scott Fitzgerald Novels
LTH
Pick 3 Villains
ddd62291
Trending Topics
Marvel
Harry Potter
Kpop
Crossword
Disney
Anime
NBA
NFL
Country
Pokémon
The Office
Song
Soccer
WWE
Puzzle
Your Account Isn't Verified!
In order to create a playlist on Sporcle, you need to verify the email address you used during registration. Go to your
Sporcle Settings
to finish the process.
Report this User
Report this user for behavior that violates our
Community Guidelines
.
Details:
Send Report
Go to the Sporcle.com Mobile Site →
Comments